000 00317nam a2200121Ia 4500
005 20260326100034.0
008 260326s9999||||xx |||||||||||||| ||und||
100 _aBarinka, Jaroslav
245 0 _aEl Arte de la Corea Antigua /
_cJaroslav Barinka
260 _bFondo de Cultura Económica
650 _aARTE
942 _cBK
999 _c6737
_d6737